| 000 | 01205nam a22003377a 4500 | ||
|---|---|---|---|
| 003 | DO-SdBNP | ||
| 005 | 20260321073644.0 | ||
| 007 | ta | ||
| 008 | 210921b 2019 dr 00| 0 eng d | ||
| 020 | _a9789945503661 | ||
| 040 |
_aDO-SdBNP _bspa _cBNPHU |
||
| 082 | 4 |
_aRD863.44 _bB742m, 2019 _222 |
|
| 100 | 1 |
_a Bosch, Juan, _d1909-2001 _976555 |
|
| 245 | 1 | 3 |
_aLa mañosa / _cJuan Bosch ; prólogo Jorge Urrutia ; edición Clara Dobarro, María del Carmen Vicente |
| 260 |
_aSanto Domingo : _bNacional, _c2019. |
||
| 300 |
_a194 p. ; _c19 cm. |
||
| 490 | 0 | _aBiblioteca Dominicana Básica | |
| 490 | 0 |
_aNarrativa _v21 |
|
| 500 | _aIncluye datos biográficos del autor en las solapas | ||
| 500 | _aIncluye referencias bibliográficas y notas al pie de las páginas | ||
| 500 | _aIncluye bibliografía literaria del autor : p. xxv-xxx | ||
| 504 | _aBibliografía : p. 25-30 | ||
| 590 | _aInventariado, 2021/BT | ||
| 650 | 4 |
_929128 _aNovela dominicana |
|
| 650 | 0 |
_aLiteratura dominicana. _967 |
|
| 700 | 1 |
_aUrrutia, Jorge, _epról. _915594 |
|
| 700 | 1 |
_aDobarro, Clara, _eed. _934619 |
|
| 700 | 1 |
_aVicente, María del Carmen, _eed. _957201 |
|
| 910 | _aBtavárez. Validado, 2022/MFF | ||
| 942 |
_2ddc _cLBS1 |
||
| 999 |
_c50613 _d50613 |
||